Glasgow city report (Record no. 108264)
[ view plain ]
| 000 -LEADER | |
|---|---|
| fixed length control field | 01159cad a22002295a 4500 |
| 001 - CONTROL NUMBER | |
| control field | E143788 |
| 008 - FIXED-LENGTH DATA ELEMENTS--GENERAL INFORMATION | |
| fixed length control field | 080530s2008 xxkd f s 000 0 eng d |
| 035 ## - SYSTEM CONTROL NUMBER | |
| System control number | (Sirsi) u143788 |
| 041 0# - LANGUAGE CODE | |
| Language code of text/sound track or separate title | eng |
| 050 04 - LIBRARY OF CONGRESS CALL NUMBER | |
| Classification number | 333.33 $2 18 |
| 110 2# - MAIN ENTRY--CORPORATE NAME | |
| Corporate name or jurisdiction name as entry element | Jones Lang LaSalle |
| 9 (RLIN) | 3755 |
| 245 00 - TITLE STATEMENT | |
| Title | Glasgow city report |
| Remainder of title | Spring 2008 |
| Medium | [electronic resource] |
| 260 ## - PUBLICATION, DISTRIBUTION, ETC. | |
| Place of publication, distribution, etc. | [Glasgow] |
| Name of publisher, distributor, etc. | Jones Lang LaSalle |
| Date of publication, distribution, etc. | 2008 |
| 490 #0 - SERIES STATEMENT | |
| Series statement | Jones Lang Lasalle Glasgow City Report |
| Volume/sequential designation | Spring 2008 |
| 520 ## - SUMMARY, ETC. | |
| Summary, etc. | Reports that city centre offices had a very strong year, with take-up increasing by 28% on 2006. A strong 2008 is also predicted. Activity in the retail market was focused on certain locations such as Buchanan Street. Demand for industrial property has been steady. Also looks at the licensed property and leisure sector, and planning and development over the period. |
| 590 ## - LOCAL NOTE (RLIN) | |
| Local note | KA |
| 650 24 - SUBJECT ADDED ENTRY--TOPICAL TERM | |
| Topical term or geographic name entry element | JONES LANG LASALLE GLASGOW CITY REPORT |
| 651 #4 - SUBJECT ADDED ENTRY--GEOGRAPHIC NAME | |
| Geographic name | Glasgow |
| 690 ## - LOCAL SUBJECT ADDED ENTRY--TOPICAL TERM (OCLC, RLIN) | |
| Topical term or geographic name as entry element | PROPERTY-COMMERCIAL PROPERTY-COMMERCIAL PROPERTY MARKET |
| 856 40 - ELECTRONIC LOCATION AND ACCESS | |
| Uniform Resource Identifier | <a href="https://www.joneslanglasalle.co.uk">https://www.joneslanglasalle.co.uk</a> |
| Public note | View the report free of charge (following registration) at www.joneslanglasalle.co.uk... |
| 942 ## - ADDED ENTRY ELEMENTS (KOHA) | |
| Suppress in OPAC | 0 |
| Withdrawn status | Lost status | Source of classification or shelving scheme | Damaged status | Not for loan | Home library | Current library | Shelving location | Date acquired | Total Checkouts | Full call number | Barcode | Date last seen | Copy number | Price effective from | Koha item type |
|---|---|---|---|---|---|---|---|---|---|---|---|---|---|---|---|
| Dewey Decimal Classification | Virtual | Virtual | Online | 02/06/2008 | ONLINE PUBLICATION | 143788-2001 | 06/08/2019 | 1 | 06/08/2019 | Book |